Nalezení /
Detektivní román ze série s detektivem Tomášem Volfem, který se účastní pátrání po pohřešované dívce v blízkosti místa, kde vyrůstal, a které ho vede k nepříjemným vzpomínkám.
Uloženo v:
| Série: | Policista Tomáš Volf,
část 5 |
|---|---|
| Hlavní autor: | |
| Další autoři: | |
| Médium: | E-audiokniha |
| Jazyk: | Czech |
| Vydáno: |
Praha :
Voxi,
[2022]
|
| Témata: | |
| Příbuzné jednotky: | Z cyklu::
Policista Tomáš Volf |
| Tagy: |
Žádné tagy |
| LEADER | 04316nim a2201069 i 4500 | ||
|---|---|---|---|
| 001 | 313134 | ||
| 003 | CZ PrSKC | ||
| 005 | 20260601215736.0 | ||
| 007 | sd fungnnmmned | ||
| 008 | 221206t20222022xr nnnng f n cze | ||
| 015 | |a cnb003476003 | ||
| 024 | 3 | |a 8594050434707 | |
| 040 | |a ABA001 |b cze |e rda | ||
| 072 | 7 | |a 821.162.3-3 |x Česká próza |2 Konspekt | |
| 080 | |a 821.162.3-31 |2 MRF | ||
| 080 | |a (0:82-312.4) |2 MRF | ||
| 080 | |a (086.7)08 |2 MRF | ||
| 080 | |a (086.76) |2 MRF | ||
| 100 | 1 | |a Březina, Jiří, |d 1980- |7 xx0114321 |4 aut | |
| 245 | 1 | 0 | |a Nalezení / |c Jiří Březina |
| 264 | 1 | |a Praha : |b Voxi, |c [2022] | |
| 264 | 4 | |c ©2022 | |
| 300 | |a 1 audiodisk (6 hod., 34 min.) ; |c 12 cm | ||
| 306 | |a 063400 | ||
| 336 | |a mluvené slovo |b spw |2 rdacontent | ||
| 337 | |a audio |b s |2 rdamedia | ||
| 338 | |a audiodisk |b sd |2 rdacarrier | ||
| 344 | |a digital |b optical |2 rda | ||
| 347 | |a audio soubor |b MP3 |2 rda | ||
| 500 | |a Název z disku | ||
| 500 | |a Copyright Albatros Media | ||
| 500 | |a Nezkrácená audiokniha ve formátu MP3 | ||
| 500 | |a Podle stejnojmenné knihy vydané nakladatelstvím Motto v roce 2022 | ||
| 511 | 0 | |a Čte Jakub Saic | |
| 520 | 2 | |a Detektivní román ze série s detektivem Tomášem Volfem, který se účastní pátrání po pohřešované dívce v blízkosti místa, kde vyrůstal, a které ho vede k nepříjemným vzpomínkám. | |
| 655 | 7 | |a české romány |7 fd133974 |2 czenas | |
| 655 | 7 | |a detektivní romány |7 fd132010 |2 czenas | |
| 655 | 7 | |a audioknihy |7 fd119452 |2 czenas | |
| 655 | 7 | |a kompaktní disky |7 fd201991 |2 czenas | |
| 700 | 1 | |a Saic, Jakub, |d 1969- |7 xx0225636 |4 nrt | |
| 787 | 0 | 8 | |i Z cyklu: |t Policista Tomáš Volf |g 5 |
| 900 | |a ABA001 |b 19 | ||
| 044 | |a xr | ||
| 505 | 0 | 0 | |t 00_Prolog (3 min., 47 sek.) |
| 505 | 0 | 0 | |t 01_Kapitola 1 (6 min., 17 sek.) |
| 505 | 0 | 0 | |t 02_Kapitola 2 (8 min., 41 sek.) |
| 505 | 0 | 0 | |t 03_Kapitola 3 (7 min., 52 sek.) |
| 505 | 0 | 0 | |t 04_Kapitola 4 (11 min., 56 sek.) |
| 505 | 0 | 0 | |t 05_Kapitola 5 (10 min., 7 sek.) |
| 505 | 0 | 0 | |t 06_Kapitola 6 (9 min., 10 sek.) |
| 505 | 0 | 0 | |t 07_Kapitola 7 (8 min., 31 sek.) |
| 505 | 0 | 0 | |t 08_Kapitola 8 (14 min., 46 sek.) |
| 505 | 0 | 0 | |t 09_Kapitola 9 (8 min., 31 sek.) |
| 505 | 0 | 0 | |t 10_Kapitola 10 (9 min., 54 sek.) |
| 505 | 0 | 0 | |t 11_Kapitola 11 (7 min., 6 sek.) |
| 505 | 0 | 0 | |t 12_Kapitola 12 (7 min., 30 sek.) |
| 505 | 0 | 0 | |t 13_Kapitola 13 (11 min., 59 sek.) |
| 505 | 0 | 0 | |t 14_Kapitola 14 (8 min., 56 sek.) |
| 505 | 0 | 0 | |t 15_Kapitola 15 (12 min., 30 sek.) |
| 505 | 0 | 0 | |t 16_Kapitola 16 (6 min., 49 sek.) |
| 505 | 0 | 0 | |t 17_Kapitola 17 (11 min., 1 sek.) |
| 505 | 0 | 0 | |t 18_Kapitola 18 (7 min., 40 sek.) |
| 505 | 0 | 0 | |t 19_Kapitola 19 (10 min., 27 sek.) |
| 505 | 0 | 0 | |t 20_Kapitola 20 (15 min., 21 sek.) |
| 505 | 0 | 0 | |t 21_Kapitola 21 (9 min., 4 sek.) |
| 505 | 0 | 0 | |t 22_Kapitola 22 (7 min., 7 sek.) |
| 505 | 0 | 0 | |t 23_Kapitola 23 (8 min., 9 sek.) |
| 505 | 0 | 0 | |t 24_Kapitola 24 (9 min., 12 sek.) |
| 505 | 0 | 0 | |t 25_Kapitola 25 (8 min., 42 sek.) |
| 505 | 0 | 0 | |t 26_Kapitola 26 (6 min., 44 sek.) |
| 505 | 0 | 0 | |t 27_Kapitola 27 (8 min., 58 sek.) |
| 505 | 0 | 0 | |t 28_Kapitola 28 (8 min., 40 sek.) |
| 505 | 0 | 0 | |t 29_Kapitola 29 (6 min., 46 sek.) |
| 505 | 0 | 0 | |t 30_Kapitola 30 (6 min., 50 sek.) |
| 505 | 0 | 0 | |t 31_Kapitola 31 (11 min., 1 sek.) |
| 505 | 0 | 0 | |t 32_Kapitola 32 (9 min., 32 sek.) |
| 505 | 0 | 0 | |t 33_Kapitola 33 (7 min., 29 sek.) |
| 505 | 0 | 0 | |t 34_Kapitola 34 (9 min., 44 sek.) |
| 505 | 0 | 0 | |t 35_Kapitola 35 (8 min., 49 sek.) |
| 505 | 0 | 0 | |t 36_Kapitola 36 (8 min., 11 sek.) |
| 505 | 0 | 0 | |t 37_Kapitola 37 (6 min., 57 sek.) |
| 505 | 0 | 0 | |t 38_Kapitola 38 (5 min., 20 sek.) |
| 505 | 0 | 0 | |t 39_Kapitola 39 (7 min., 59 sek.) |
| 505 | 0 | 0 | |t 40_Kapitola 40 (9 min., 4 sek.) |
| 505 | 0 | 0 | |t 41_Kapitola 41 (7 min., 31 sek.) |
| 505 | 0 | 0 | |t 42_Kapitola 42 (6 min., 49 sek.) |
| 505 | 0 | 0 | |t 43_Kapitola 43 (5 min., 28 sek.) |
| 505 | 0 | 0 | |t 44_Kapitola 44 (7 min., 31 sek.) |
| 505 | 0 | 0 | |t 45_Epilog (3 min., 4 sek.) |
| 910 | |a RBIT002 | ||
| 998 | |d 359828 |a https://core.palmknihy.cz/api/books/359828/cover?sleexu |b https://core.palmknihy.cz/api/books/359828/cover/400?sleexu |c https://core.palmknihy.cz/api/books/359828/cover/50?sleexu |e 2032-12-31 |i 8594050434707 |l 23640 |q 49 |r 1 |s https://www.palmknihy.cz/kniha/359828 |t audiobook |y 2022 |z 0 |v Policista Tomáš Volf |w 5 | ||
| 999 | |d 313132 | ||